Návrh a implementácia aplikácie pre prípravu cenových ponúk
Na minha lista:
| Autor principal: | |
|---|---|
| Outros Autores: | |
| Formato: | Manuscrito Livro |
| Idioma: | eslovaco |
| Publicado em: |
2022
|
| Assuntos: | |
| Acesso em linha: | http://is.stuba.sk/zp/portal_zp.pl?podrobnosti=166322 |
| Tags: |
Sem tags, seja o primeiro a adicionar uma tag!
|
MARC
| LEADER | 00000ntm a22000003a 4500 | ||
|---|---|---|---|
| 001 | stuzp83823 | ||
| 003 | SK-STU | ||
| 005 | 20220702210448.7 | ||
| 007 | ta | ||
| 008 | 150427s2015----xo-----f-mn---000-0-slo-d | ||
| 040 | |a STU |b slo | ||
| 041 | 0 | |a slo | |
| 100 | 1 | |a Petráš, Daniel |u 066000 |4 aut |U MTF Materiálovotechnologická fakulta |T MTF Ústav aplikovanej informatiky, automatizácie a mechatroniky |X 85517 |U M6000 |Y 86 |7 85517 | |
| 242 | 0 | 1 | |a Design and implementation of application for preparation of quotations |y eng |
| 245 | 1 | 0 | |a Návrh a implementácia aplikácie pre prípravu cenových ponúk |
| 260 | |c 2022 | ||
| 650 | 4 | |a aplikácia |2 slo | |
| 650 | 4 | |a implementácia |2 slo | |
| 650 | 4 | |a windows forms |2 slo | |
| 650 | 4 | |a Visual Studio |2 slo | |
| 650 | 4 | |a .Net framework |2 slo | |
| 650 | 4 | |a databáza |2 slo | |
| 650 | 4 | |a application |2 eng | |
| 650 | 4 | |a implementation |2 eng | |
| 650 | 4 | |a windows form application |2 eng | |
| 650 | 4 | |a Visual Studio |2 eng | |
| 650 | 4 | |a .Net framework |2 eng | |
| 650 | 4 | |a database |2 eng | |
| 700 | 1 | |a Špendla, Lukáš |u 066000 |k Z1 |4 ths |U MTF Materiálovotechnologická fakulta |T MTF Ústav aplikovanej informatiky, automatizácie a mechatroniky |X 52333 |U M6000 |Y 86 |7 A000052333 | |
| 856 | 4 | |u http://is.stuba.sk/zp/portal_zp.pl?podrobnosti=166322 | |